Score 0/24 Timer 03:00
0 Plays Today
Class or Aspect Answer % Correct
ClassKnight
95.6%
AspectTime
94.2%
ClassSeer
92.6%
AspectBreath
92.4%
AspectSpace
92.1%
ClassPrince
91.7%
ClassWitch
90.8%
ClassHeir
90.8%
AspectLight
90.1%
ClassBard
88%
AspectVoid
87.9%
AspectDoom
87.7%
Class or Aspect Answer % Correct
AspectRage
87.5%
AspectHeart
87.2%
AspectHope
86.6%
AspectLife
86.2%
ClassMage
85.9%
ClassPage
85.9%
AspectBlood
85.9%
ClassMaid
85.1%
ClassThief
83.6%
ClassSylph
83.1%
AspectMind
82.8%
ClassRogue
81.2%
Remove Ads.
Support Sporcle.
Get the best of Sporcle when you Go Orange. This ad-free experience offers more features, more stats, and more fun while also helping to support Sporcle. Thank you for becoming a member.

You're not logged in!

Compare scores with friends on all Sporcle quizzes.
OR
Log In

Show Comments

Extras

Created Oct 2, 2013SourceReportNominate
Tags:god, homestuck, Tier

Top Quizzes Today


Score Distribution

Your Account Isn't Verified!

In order to create a playlist on Sporcle, you need to verify the email address you used during registration. Go to your Sporcle Settings to finish the process.

Report this User

Report this user for behavior that violates our Community Guidelines.

Details: